Statistiques concernant Culture Générale - Série 1017

Cliquez ici pour prendre le quiz!

Statistiques générales

  • Ce quiz a été pris 54 fois
  • Le résultat moyen est 6 sur 10

Statistiques - réponses

QuestionRéponse% Correct
Hormis la France, quel pays est bordé par le Golfe de Gascogne ?Espagne
96%
Quelle partie du corps est douloureuse, lorsque l'on souffre de céphalées ?tête
94%
Dans quel musée parisien peut-on voir le tableau "Le Radeau de la Méduse", de Théodore Géricault ?Louvre
87%
Quelle fonction politique est l'anagramme du verbe "aimer" ?maire
83%
Quelle ville de Floride est également le pseudonyme du frère et impresario de Dalida ?Orlando
69%
Selon l'expression, lorsqu'on s'acharne sur une personne affaiblie, sur quel véhicule "tire-t-on" ?ambulance
69%
En 1901, quel médecin introduit pour la première fois la notion d'acte manqué ?Sigmund Freud
48%
Dans la pièce de Musset “On ne badine pas avec l'amour”, quel jeune homme est amoureux de Camille ?Perdican
8%
Quel est le chef-lieu de l'île de Man, située dans la mer d'Irlande ?Douglas
8%
Quel mammifère périssodactyle renâcle ou grogne ?rhinocéros
4%

Distribution des résultats

Percentile par nombre de réponses

% des personnes avec chaque résultat

Votre développement - résultats

Vous n’avez pas pris ce quiz